000 01140cam a22003254a 4500
090 _c10303
001 14410415
005 20201128013446.0
008 060612s2007 njua b 001 0 eng
010 _a 2006048552
020 _a0131424920
020 _a9780131424920
035 _a(OCoLC)ocm70158580
035 _a(OCoLC)70158580
040 _aDLC
_cDLC
_dBAKER
_dC#P
_dYDXCP
_dOCLCQ
_dIXA
_dDLC
042 _apcc
050 0 0 _aTK5101
_b.C69 2007
082 0 0 _a621.382
_222
_bCOU
100 1 _aCouch, Leon W.
_91258
245 1 0 _aDigital and analog communication systems /
_cLeon W. Couch II.
250 _a7th ed.
260 _aUpper Saddle River, N.J. :
_bPearson/Prentice Hall,
_cc2007.
300 _axxvii, 751 p. :
_bill. ;
_c25 cm.
504 _aIncludes bibliographical references (p. 710-722) and index.
650 0 _aTelecommunication systems.
_91259
650 0 _aDigital communications.
_91260
906 _a7
_bcbc
_corignew
_d1
_eocip
_f20
_gy-gencatlg
942 _2ddc
_cBB
999 _c10303
_d10303